| 000 | 00532nam a2200205Ia 4500 | ||
|---|---|---|---|
| 003 | OSt | ||
| 005 | 20260110102547.0 | ||
| 008 | 210210b xxu||||| |||| 00| 0 eng d | ||
| 040 | _cAL | ||
| 041 | _aKannada | ||
| 082 | _a859/1061 | ||
| 100 |
_aPLABOGASTAV _9146021 _d ಪ್ಲಾಬೋಗಸ್ತವ್ |
||
| 245 |
_aMadam bavari: _bಮೇಡಂ ಭಾವರಿ |
||
| 260 |
_aBengaluru _b- |
||
| 650 |
_aMadAm _9146022 |
||
| 650 |
_abAvari _9146023 |
||
| 690 |
_aKannada Fiction _9146024 |
||
| 906 | _a021807 | ||
| 942 |
_2ddc _cBK |
||
| 999 |
_c145905 _d145905 |
||